000
00331nam a2200121Ia 4500
003
GCL
008
140319s9999 xx 000 0 ara d
040
_a
GCL /
_c
GCL
082
0
4
_a
ط
_b
813.02
_b
ا ح
100
1
_a
ايهاب عبدالسلام
245
1
0
_a
حكايات وابتسامات /
_c
ايهاب عبدالسلام
490
_a
999
_c
38946
_d
38946